Die am meisten gesprochenen Sprachen der Welt - Statistiken

Allgemein
  • Dieses Quiz wurde 371 mal gespielt
  • Das Durchschnittsergebnis liegt bei 14 aus 20
Antwortstatistiken
Rang Primäres
Land
Kürzel Anzahl
Länder
Anzahl
Sprecher
Sprache % Korrekt
2 Spanien SPA 31 414.000.000 Spanisch
99%
3 VereinigtesKönigreich ENG 99 335.000.000 Englisch
98%
12 Deutschland DEU 18 78.200.000 Deutsch
95%
9 Japan JPN 3 122.000.000 Japanisch
95%
5 Saudi-Arabien ARA 60 237.000.000 Arabisch
94%
8 Russland RUS 16 167.000.000 Russisch
94%
1 China ZHO 33 1.197.000.000 Chinesisch
93%
14 Frankreich FRA 51 75.000.000 Französisch
92%
17 Türkei TUR 8 70.800.000 Türkisch
90%
6 Portugal POR 12 203.000.000 Portugiesisch
88%
13 Süd-Korea KOR 5 77.200.000 Koreanisch
86%
4 Indien HIN 4 260.000.000 Hindi
84%
19 Vietnam VIE 3 67.800.000 Vietnamesisch
80%
7 Bangladesh BEN 4 193.000.000 Bengalisch
52%
20 Pakistan URD 6 63.900.000 Urdu
45%
18 Indien TAM 6 68.800.000 Tamil
33%
10 Indonesien JAV 3 84.300.000 Javanisch
23%
15 Indien TEL 2 74.000.000 Telugu
11%
16 Indien MAR 1 71.800.000 Marathi
8%
11 Pakistan LAH 6 82.600.000 Lahnda
2%
Keine übereinstimmenden Quizze gefunden
Verteilung der Resultate
Anzahl Personen mit jedem Resultat
Perzentil nach korrekt beantworteten Fragen
Ihre Resultats-Entwicklung
Sie haben dieses Quiz noch nicht gespielt